| 000 | 00955nam a22002295i 4500 | ||
|---|---|---|---|
| 001 | 156396 | ||
| 003 | ES-MaACL | ||
| 005 | 20240612063031.0 | ||
| 008 | 040818s1786 fr |||| | fre d | ||
| 040 |
_aCAM _bspa _cCAM |
||
| 100 | 1 |
_aJolly, François-Antoine, _d1662-1753 _9128334 |
|
| 245 | 1 | 2 |
_aL'école des amans _b: comêdie en trois actes, en vers / _cpar Joly. |
| 260 |
_aA Paris : _bau Bureau de la Petite Bibliothèque des Théatres, _c1786 ( _fde l'imprimerie de la Veuve Valade) |
||
| 300 |
_a[2], X, 63 p. ; _c8º. |
||
| 490 | 1 | _aPetite Bibliothèque des Théâtres | |
| 500 | _aRepresentée pour la premiere fois au Théatre François le 18 octobre 1718. | ||
| 596 | _aImp. consta en colofón. | ||
| 597 | _aSign.: a6, A-E6, F2. | ||
| 830 | 0 |
_aPetite Bibliothèque des Théâtres _9188082 |
|
| 852 |
_aES-MaACL _jR-624(3) _z-- Enc. hol. _q-- Falto de la cub. original _x Olim: D-4012 |
||
| 999 |
_c156396 _d156396 |
||